Burza cenných papierov Trh, ako každý iný, sa líši určitými špecifikami

História vzniku búrz vo svete. Typy búrz - z hľadiska predmetu burzových obchodov, burzy na tovar, peňažné a burzy služieb. Výpočtová technika na burzách, postupná automatizácia búrz, skúsenosti na svetových burzách. Burzové obchody dnes.

Na minha lista:
Detalhes bibliográficos
Autor principal: Marčáková, Z.
Formato: Capítulo de Livro
Idioma:eslovaco
Assuntos:
Tags: Adicionar Tag
Sem tags, seja o primeiro a adicionar uma tag!

MARC

LEADER 00000naa a2200000 4500
001 r024993
005 20221213114038.1
041 0 |a slo 
044 |a SK 
245 1 0 |a Burza cenných papierov  |b Trh, ako každý iný, sa líši určitými špecifikami  |c Z. Marčáková 
520 |a História vzniku búrz vo svete. Typy búrz - z hľadiska predmetu burzových obchodov, burzy na tovar, peňažné a burzy služieb. Výpočtová technika na burzách, postupná automatizácia búrz, skúsenosti na svetových burzách. Burzové obchody dnes. 
610 2 0 |a burzy 
610 2 0 |a história 
610 2 0 |a obchody burzové 
610 2 0 |a automatizácia 
610 2 0 |a technika výpočtová 
100 1 |a Marčáková, Z.